Advanced analysis : on the real line /
Guardado en:
| Autor Principal: | |
|---|---|
| Otros Autores: | |
| Formato: | Libro |
| Idioma: | English |
| Publicado: |
New York :
Springer,
c1996.
|
| Series: | Universitext
|
| Etiquetas: |
Agregar Etiqueta
Sin Etiquetas, Sea el primero en etiquetar este registro!
|
| LEADER | 00630cam a22002055a 4500 | ||
|---|---|---|---|
| 001 | MAT.inmabb002400 | ||
| 008 | 951103s1996####nyu######b####001#0#eng#d | ||
| 005 | 20130219175117.0 | ||
| 245 | 1 | 0 | |a Advanced analysis : |b on the real line / |c R. Kannan, Carole King Krueger. |
| 260 | |a New York : |b Springer, |c c1996. | ||
| 300 | |a ix, 259 p. ; |c 23 cm. | ||
| 440 | 0 | |a Universitext | |
| 504 | |a Bibliografía: p. 253-256. | ||
| 510 | 4 | |a MR, |c 97m:26001 | |
| 020 | |a 038794642X | ||
| 100 | 1 | |a Kannan, Rangachary. | |
| 700 | 1 | |a Krueger, Carole King. | |
| 084 | |a 26-01 (28Axx) |2 msc2000 | ||
| 010 | |a 95049238 | ||
| 859 | |h 26 |i K16 |p A-8115 |b BIB. MATEMATICA | ||
